00817nam a2200241 a 4500001001300000003000900013005001700022008004100039020002300080082001300103100002700116245008100143260005300224300000900277500003500286505004600321650002500367700002700392902000800419942000700427952012600434999001500560nice12345678IN_TiNIC20260116013131.0050524s1993 chia grp 000 0 eng  a0812625 c36800a291bSEA aSeager, Richard Hughes aDawn of Religious Pluralismb Voices from the World`s Parliament of Religion aChicago, LondonbOpen Court Publishing Co.c1993 a499p aincludes index and biblioraphy2 a1893, Bibliography, reference and indexes aComparative Religion1 aSeager, Richard Hughes bSRS cBK 001040708StackRoom-aHMIbHMId2011-11-04g368.00l1o291 SEAp017646r2019-06-10s2019-05-14v368.00w2005-05-24yBK c9795d9795